Zēlustes ēku un cilvēku likteņi
| Titel: | Zēlustes ēku un cilvēku likteņi / Arnis Kluinis |
|---|---|
| Verfasser: | |
| Veröffentlicht: | Rīga : Nordik, 2013 |
| Umfang: | 271 Seiten : Illustrationen, Karten |
| Format: | Buch |
| Sprache: | Lettisch |
| ISBN: | 9789984854526 |
| Hinweise zum Inhalt: |
Inhaltsverzeichnis
|
| Lokale Klassifikation: | 46 9 D ; 46 9 A ; 46 8 R 701 ; 46 8 R 521 |
|---|
alg: 33638506 001A $03004:13-02-14 001B $01999:09-06-23 $t21:23:58.000 001D $03004:29-07-14 001U $0utf8 001X $00 002@ $0Aau 002C $aText $btxt $2rdacontent 002D $aohne Hilfsmittel zu benutzen $bn $2rdamedia 002E $aBand $bnc $2rdacarrier 003@ $0336385064 004A $A978-9984-854-52-6 006G $01049553578 006H $0TOCNEUA1508 $2DNB 006U $015,A13 $f20140403 007A $0336385064 $aHEB 007G $0DE0206649771EC9AF590CC1257D2D004BF32F 009P $qapplication/pdf $A2 $3Inhaltsverzeichnis $uhttp://scans.hebis.de/HEBCGI/show.pl?33638506_toc.pdf $mV:DE-603;B:DE-Mb50 010@ $alav 011@ $a2013 021A $aZēlustes ēku un cilvēku likteņi $hArnis Kluinis 028A $BVerfasser $4aut $7 $8Kluinis, Arnis [Tnu] $9336385021 033A $pRīga $nNordik 034D $a271 Seiten 034M $aIllustrationen, Karten 044K $qDNB $RRiga $#Zēluste Riga $#Woywodhof Riga $#Zeluste manor Riga $71068652470 $8Hof Seelust$gRiga [Tg1] $9357005619 044K $qDNB $RBesitz $REigentum $RGrundstück $RGrundstücksrecht $RGrundeigentümer $#Land tenure $#Real property $#Propriété foncière $#Terres $#Propriété immobilière $#Propiedad rústica $#Grundeigentum $#Grundbesitz $#Bodeneigentum $#Grundbesitz $#Grundstück Eigentum $#Grundstückseigentum $#Liegenschaftseigentum $#Grundvermögen $#Immobiliareigentum $#Landbesitz $#Landeigentum $#Besitzung $74072130-9 $8Grundeigentum [Ts1] $9085202959 045E $c330 045F $a333.338094796 $eDDC22ger 045F/01 $a333.338 045F/03 $g4796 045G $a709.4796 $eDDC23BSB 045G/01 $a709 045G/03 $g4796 045R $aGeschichte 1763-2009 046L $aZusammenfassung in deutscher, englischer und russischer Sprache lok: 33638506 24 101B $029-07-14 $t14:18:22.000 101C $029-07-14 101U $0utf8 145Z/01 $a46 9 D 145Z/02 $a46 9 A 145Z/03 $a46 8 R 701 145Z/04 $a46 8 R 521 exp: 33638506 24 1 #EPN 201B/01 $029-07-14 $t14:24:02.000 201C/01 $013-02-14 201U/01 $0utf8 203@/01 $0727374427 208@/01 $a29-07-14 $bz 209A/01 $a14.07124 $du $f050 $h14 07124 $x00 209C/01 $a14.07124 K $h14 07124 K 209G/01 $a73546206 $x00 220C/01 $amar 247C/01 $8358050-7Marburg, Bibliothek des Herder-Instituts Marburg $9102600961 lok: 33638506 78 exp: 33638506 78 1 #EPN 201B/01 $022-03-19 $t11:38:52.000 201C/01 $022-03-19 201U/01 $0utf8 203@/01 $01048626091 208@/01 $a22-03-19 $be 209A/01 $a/ $f000 $x00 209A/01 $ab*p $x01 220C/01 $apgar 244Z/01 $#Lettland $#Lettland $#Latvija $#Latvijas Republika $#Lettische Republik $#Lettische SSR $#Latvijskaja SSR $74074187-4 $8--Tg1--Lettland $x01 $9085208876 247C/01 $82080>Marburg/Lahn, Herder-Institut, Forschungsbibliothek, Bibliographieportal $9336309341
| LEADER | 00000cam a2200000 c 4500 | ||
|---|---|---|---|
| 001 | 336385064 | ||
| 003 | DE-603 | ||
| 005 | 20230609212358.0 | ||
| 007 | tu | ||
| 008 | 140213s2013 xx |||| | u00||u|lav | ||
| 015 | |a 15,A13 |2 dnb | ||
| 016 | 7 | |2 DE-101 |a 1049553578 | |
| 020 | |a 9789984854526 | ||
| 035 | |a (DE-599)HEB336385064 | ||
| 040 | |a DE-603 |b ger |c DE-603 |d DE-603 | ||
| 041 | |a lav | ||
| 082 | 0 | 4 | |8 1\u |a 333.338094796 |q DE-101 |2 22/ger |
| 083 | 0 | |8 2\u |a 709.4796 |q DE-101 |2 23/BSB | |
| 084 | |a 330 |q DE-101 |2 sdnb | ||
| 085 | |8 1\u |b 333.338 | ||
| 085 | |8 1\u |z 2 |s 4796 | ||
| 085 | |8 2\u |b 709 | ||
| 085 | |8 2\u |z 2 |s 4796 | ||
| 100 | 1 | |a Kluinis, Arnis |e Verfasser |4 aut |0 (DE-603)336385021 | |
| 245 | 0 | 0 | |a Zēlustes ēku un cilvēku likteņi |c Arnis Kluinis |
| 264 | 1 | |a Rīga |b Nordik |c 2013 | |
| 300 | |a 271 Seiten |b Illustrationen, Karten | ||
| 336 | |a Text |b txt |2 rdacontent | ||
| 337 | |a ohne Hilfsmittel zu benutzen |b n |2 rdamedia | ||
| 338 | |a Band |b nc |2 rdacarrier | ||
| 546 | |a Zusammenfassung in deutscher, englischer und russischer Sprache | ||
| 648 | 7 | |a Geschichte 1763-2009 |2 gnd | |
| 650 | 7 | |a Grundeigentum |0 (DE-588)4072130-9 |0 (DE-603)085202959 |2 gnd | |
| 651 | 7 | |a Hof Seelust |g Riga |0 (DE-588)1068652470 |0 (DE-603)357005619 |2 gnd | |
| 856 | 4 | 2 | |m V:DE-603;B:DE-Mb50 |q application/pdf |u http://scans.hebis.de/HEBCGI/show.pl?33638506_toc.pdf |3 Inhaltsverzeichnis |
| 924 | 0 | |9 Mb 50 |a (DE-603)727374427 |b DE-Mb50 |c HES |d c |g 14.07124 | |
| 924 | 0 | |9 2080 |a (DE-603)1048626091 |b DE-2080 |c HES |d d |g / | |


